000 00657nam a2200289Ia 4500
005 20260324125428.0
008 008 260324s9999 xx 000 0 eng d
020 _a9781315244594
037 _aEBOOK
040 _aCRL
040 _beng
040 _cCRL
041 _2eng
041 _aeng
084 _qCRL
100 _aFrancis X. Winters
_91177945
245 0 _aRemembering Hiroshima
245 0 _bWas it Just?
260 _bTaylor and Francis
260 _c2009
365 _a
365 _b240
856 _uhttp://www.taylorfrancis.com/books/9781315244594
942 _cEBOOK
999 _c1773196
_d1773196